header

Oxford handbook of urology (Record no. 84360)

MARC details
000 -LEADER
fixed length control field 01586nam a2200409Ia 4500
082 04 - DEWEY DECIMAL CLASSIFICATION NUMBER
Classification number 616.6
100 1# - MAIN ENTRY--AUTHOR NAME
Personal name Reynard, John.
245 10 - TITLE STATEMENT
Title Oxford handbook of urology
260 ## - PUBLICATION, DISTRIBUTION, ETC. (IMPRINT)
Place of publication Oxford ;
-- New York :
Name of publisher Oxford University Press,
Year of publication 2006.
300 ## - PHYSICAL DESCRIPTION
Number of Pages xx, 678 p. :
Other physical details ill.
490 1# - SERIES STATEMENT
Series statement Oxford medical publications
Series statement Oxford handbooks series
650 #0 - SUBJECT ADDED ENTRY--TOPICAL TERM
Topical Term Urinary organs
Topical Term Urology
700 1# - ADDED ENTRY--PERSONAL NAME
Personal name Biers, Suzanne.
Personal name Brewster, S.
856 40 - ELECTRONIC LOCATION AND ACCESS
Uniform Resource Identifier http://site.ebrary.com/lib/rucke/Doc?id=10581463

No items available.

© 2026 Rongo University
Contact us: librarian | system librarian | Rongo university